Ελληνική μυθολογία

Αποθηκεύτηκε σε:
Λεπτομέρειες βιβλιογραφικής εγγραφής
Κύριος συγγραφέας: Richepin, Jean, 1849-1926
Άλλοι συγγραφείς: Μαρινάτος, Σπυρίδων Ν., 1901-1974 (Επιμελητής έκδοσης)
Μορφή: Βιβλίο
Γλώσσα:Greek
French
Δημοσίευση: Αθήναι : Περγαμηναί, [1953-1954]
Θέματα:
Ετικέτες: Προσθήκη ετικέτας
Δεν υπάρχουν, Καταχωρήστε ετικέτα πρώτοι!

MARC

LEADER 00000cam a2200000 i 4500
001 1/99804
008 081218m19531954 gre d
035 |l 10102608 
040 |a GR-MY-UA  |b gre  |e aacr 
041 1 |a gre  |h fre 
082 0 |a 292.13  |2 (22) 
100 1 |a Richepin, Jean,   |d 1849-1926. 
245 1 0 |a Ελληνική μυθολογία /  |c Ιωάννου Ρισπέν ; επιμέλεια Σπύρου Μαρινάτου ; μετάφρασις Νικολάου Τετενέ 
260 |a Αθήναι :   |b Περγαμηναί,   |c [1953-1954] 
300 |a 2 τ.;  |c 24 εκ. 
505 0 |a Τ.1. Οι θεοί.τ.2. Θεοί της γης, ημίθεοι, ήρωες 
650 0 0 |a Mythology, Classical. 
650 0 0 |a Mythology, Greek. 
700 1 |a Μαρινάτος, Σπυρίδων Ν.,   |d 1901-1974.  |4 edt 
740 0 2 |a Οι θεοί 
740 0 2 |a Θεοί της γης, ημίθεοι, ήρωες 
852 |a INST  |b RHODES  |c AKA  |e 20081218  |h  292.13 RIC  |p 005400031686  |q 005400031686  |t BK  |v τ.1:  |y 0  |z τ.1 
852 |a INST  |b RHODES  |c AKA  |e 20081218  |h  292.13 RIC  |p 005400031687  |q 005400031687  |t BK  |v τ.2:  |y 0  |z τ.2 
853 |a INST  |b RHODES  |c AKA  |h  292.13 RIC 
901 |a BIBL4-2008-3 
909 |a Ρ  |b 156786 
909 |a Ρ  |b 156787 
970 |a ΚΟΖΑ  |b ΜΑΡΙΑ  |z 2008/12/18